Sunset of the sabertooth / (Record no. 1431)

MARC details
000 -LEADER
fixed length control field 01099cam a2200313 a 4500
005 - DATE AND TIME OF LATEST TRANSACTION
control field 20240222132414.0
020 ## - INTERNATIONAL STANDARD BOOK NUMBER
International Standard Book Number 9780590988247
040 ## - CATALOGING SOURCE
Original cataloging agency DLC
Transcribing agency DLC
Modifying agency DLC
Language of cataloging eng
050 00 - LIBRARY OF CONGRESS CALL NUMBER
Classification number PZ7.O81167
Item number Su 1996
082 00 - DEWEY DECIMAL CLASSIFICATION NUMBER
Classification number 813.54
Edition number 20
100 1# - MAIN ENTRY--PERSONAL NAME
Personal name Osborne, Mary Pope
245 10 - TITLE STATEMENT
Title Sunset of the sabertooth /
Statement of responsibility, etc. by Mary Pope Osborne ; illustrated by Sal Murdocca.
260 ## - PUBLICATION, DISTRIBUTION, ETC.
Place of publication, distribution, etc. New York :
Name of publisher, distributor, etc. Scholastic,
Date of publication, distribution, etc. 1996.
300 ## - PHYSICAL DESCRIPTION
Extent 67 pages :
Other physical details illustrations
Dimensions 20 cm
490 ## - SERIES STATEMENT
Series statement Magic tree house
Volume/sequential designation Book 7
500 ## - GENERAL NOTE
General note "A first stepping stone book."
505 ## - FORMATTED CONTENTS NOTE
Formatted contents note K <br/>
520 ## - SUMMARY, ETC.
Summary, etc. The magic tree house transports Jack and Annie on a mission to the Ice Age where they encounter Cro-Magnons, cave bears, sabertooth tigers, and woolly mammoths.
521 ## - TARGET AUDIENCE NOTE
Target audience note 520 <br/>
Source Lexile <br/>
521 ## - TARGET AUDIENCE NOTE
Target audience note K <br/>
Source Raz-Plus <br/>
650 #1 - SUBJECT ADDED ENTRY--TOPICAL TERM
Topical term or geographic name entry element Prehistoric peoples
General subdivision Fiction.
650 #1 - SUBJECT ADDED ENTRY--TOPICAL TERM
Topical term or geographic name entry element Prehistoric animals
General subdivision Fiction.
650 #1 - SUBJECT ADDED ENTRY--TOPICAL TERM
Topical term or geographic name entry element Time travel
General subdivision Fiction.
650 #1 - SUBJECT ADDED ENTRY--TOPICAL TERM
Topical term or geographic name entry element Magic
General subdivision Fiction.
700 1# - ADDED ENTRY--PERSONAL NAME
Personal name Murdocca, Sal
Relator term illustrator
906 ## - LOCAL DATA ELEMENT F, LDF (RLIN)
a 7
b cbc
c orignew
d 1
e ocip
f 19
g y-gencatlg
942 ## - ADDED ENTRY ELEMENTS (KOHA)
Source of classification or shelving scheme Dewey Decimal Classification
Koha item type Books
Suppress in OPAC No
999 ## -
-- 1431
-- 1431
Holdings
Withdrawn status Lost status Source of classification or shelving scheme Damaged status Not for loan Collection Home library Current library Shelving location Date acquired Total Checkouts Full call number Barcode Date last seen Copy number Price effective from Koha item type Date last checked out
    Dewey Decimal Classification     Juvenile Fiction Footprints International School Library Network Toul Kork Campus Footprints International School Library Network Toul Kork Campus   08/24/2023   OSB 813.54 PZ7.O81167 FISBK00102 08/24/2023 1 08/24/2023 Books  
    Dewey Decimal Classification     Juvenile Fiction Footprints International School Library Network Toul Kork Campus Footprints International School Library Network Toul Kork Campus   08/24/2023   OSB 813.54 PZ7.O81167 FISBK00100 08/24/2023 3 08/24/2023 Books  
    Dewey Decimal Classification     Juvenile Fiction Footprints International School Library Network Toul Kork Campus Footprints International School Library Network Toul Kork Campus   08/24/2023 1 OSB 813.54 PZ7.O81167 FISBK00099 12/12/2023 4 08/24/2023 Books 12/05/2023
    Dewey Decimal Classification     Juvenile Fiction Footprints International School Library Network Toul Kork Campus Footprints International School Library Network Toul Kork Campus   11/06/2023   OSB 813.54 PZ7.O81167 FISTK00478 11/06/2023 5 08/24/2023 Books  
    Dewey Decimal Classification     Juvenile Fiction Footprints International School Library Network Toul Kork Campus Footprints International School Library Network Toul Tom Poung Campus   08/24/2023 1 OSB 813.54 PZ7.O81167 FIS00171 12/09/2025 2 08/24/2023 Books 10/08/2025